000 00927nam a22002297a 4500
999 _c65987
_d65987
005 20240530110853.0
008 201102s2019 ua a g b 000 0dara d
017 _a2018/21364
_bمصر. دار الكتب
020 _a9789773194543
040 _aEG-CaGPL
_cEG-CaGPL
082 0 4 _221
_a305.48/
_bق/ع م
100 0 _aعبير ابراهيم قمره
245 1 2 _aالمراة والمدينة الكوزموبوليتانية :
_bتاريخ الجندية فى المجتمع السكندرى /
_cعبير ابراهيم قمره
250 _aط.1
260 _aالقاهرة :
_bالعربى للنشر و التوزيع،
_c2019
300 _a295 ص. ؛
_c24 سم.
504 _aيشتمل على ارجاعات ببليوجرافية
650 0 7 _2qrmak
_aالمراة فى مصر
651 0 7 _2qrmak
_aالاسكندرية
_xمحافظة
942 _2ddc
_cBK